Water resources development in Asia and the Pacific : (Record no. 2953)

MARC details
000 -LEADER
fixed length control field 01323cam a22003137a 4500
001 - CONTROL NUMBER
control field 3868625
003 - CONTROL NUMBER IDENTIFIER
control field OSt
005 - DATE AND TIME OF LATEST TRANSACTION
control field 20230629081844.0
008 - FIXED-LENGTH DATA ELEMENTS--GENERAL INFORMATION
fixed length control field 880804s1987 th b i100 0 eng
010 ## - LIBRARY OF CONGRESS CONTROL NUMBER
LC control number 88915670
020 ## - INTERNATIONAL STANDARD BOOK NUMBER
International Standard Book Number 9211194431 :
Terms of availability $21.00 (U.S.)
025 ## - OVERSEAS ACQUISITION NUMBER
Overseas acquisition number Th E 9304
040 ## - CATALOGING SOURCE
Original cataloging agency DLC
Transcribing agency DLC
Modifying agency DLC
043 ## - GEOGRAPHIC AREA CODE
Geographic area code a------
-- p------
050 00 - LIBRARY OF CONGRESS CALL NUMBER
Classification number MLCM 93/07787 (G)
082 ## - DEWEY DECIMAL CLASSIFICATION NUMBER
Classification number 333.91
Item number UN
245 00 - TITLE STATEMENT
Title Water resources development in Asia and the Pacific :
Remainder of title some issues and concerns.
260 ## - PUBLICATION, DISTRIBUTION, ETC. (IMPRINT)
Place of publication, distribution, etc. Bangkok, Thailand :
Name of publisher, distributor, etc. Economic and Social Commission for Asia and the Pacific ;
Place of publication, distribution, etc. New York :
Name of publisher, distributor, etc. United Nations,
Date of publication, distribution, etc. 1987.
300 ## - PHYSICAL DESCRIPTION
Extent vi, 202 p. :
Other physical details ill., maps ;
Dimensions 30 cm.
490 1# - SERIES STATEMENT
Series statement Water resources series,
International Standard Serial Number ISSN 0082-8130 ;
Volume/sequential designation no. 62
500 ## - GENERAL NOTE
General note Papers presented at 30TH session of ESCAP Committee on Natural Resources, 14-20 October 1986, Bangkok, Thailand.
500 ## - GENERAL NOTE
General note "ST/ESCAP/SER.F/62"--T.p. verso.
500 ## - GENERAL NOTE
General note United Nations publication ; sales no. E-87.II.F.15"--T.p. verso.
504 ## - BIBLIOGRAPHY, ETC. NOTE
Bibliography, etc Includes bibliographical references.
710 2# - ADDED ENTRY--CORPORATE NAME
Corporate name or jurisdiction name as entry element United Nations.
Subordinate unit Economic and Social Commission for Asia and the Pacific.
-- Committee on Natural Resources.
830 #0 - SERIES ADDED ENTRY--UNIFORM TITLE
Uniform title Water resources series (New York, N.Y.) ;
Volume number/sequential designation no. 62.
906 ## - LOCAL DATA ELEMENT F, LDF (RLIN)
a 7
b cbc
c orignew
d 3
e ncip
f 19
g y-gencatlg
942 ## - ADDED ENTRY ELEMENTS (KOHA)
Source of classification or shelving scheme Dewey Decimal Classification
Koha item type Books
Holdings
Withdrawn status Lost status Source of classification or shelving scheme Damaged status Not for loan Home library Current library Date acquired Total Checkouts Full call number Barcode Date last seen Price effective from Koha item type
    Dewey Decimal Classification     County Hall Archives County Hall Archives 06/29/2023   333.91 UN 10001063 06/29/2023 06/29/2023 Books
LIBRARY OPENING HOURS

When the Parliament is sitting: 8.00a.m - 7.00p.m or until the house adjourns
Mondays and Fridays and when the House is on Recess:  8.00a.m - 5.00p.m
Closed on Weekends and Public Holidays

Online Public Access Catalog (OPAC)
Website: http://www.parliament.go.ke
Bunge Library: https://libraryir.parliament.go.ke
Contact: library@parliament.go.ke | Tel no: (254-2)2221291 or 2848000 Ext 5043